02008nam a2200217Ia 4500001000400000008004100004010000800045041001400053082003000067245020400097260001100301300000800312520000700320630003100327630002900358650001800387700002300405700003400428700003900462520128900501902241029s9999 xx 000 0 und d a824 aEspañol aF.C.E MA Psicop 2011 161 0aIntervención en el área personal social para la adaptación de estudiantes de Primer Grado de Educación Media del Centro Cesar Nicolás Pensón, El Caimito, Provincia Duarte, año 2009-2010 aDuarte a127 a37 aActitud de los Estudiantes aAdaptación Estudiantil aOrientación easesoraMena, Alma eautoraSantos, Dulce María  eautoraHolguín , María Dolores aEl equipo investigador se propuso implementar intervención en el área personal social para la adaptación de estudiantes de primer grado de educación médica del Centro Cesar Nicolás Pensón, El Caimito, Provincia Duarte, año 2009-2010. Para esta investigación se escogió el modelo de investigación-acción y fue empleado el enfoque cualitativo. La población objeto de estudio estuvo compuesta por 30 estudiantes de las secciones A del primer grado de educación media.El conocimiento que se mostró acerca de la personalidad del educando se consideró significativo porque permitió la comprensión de los procesos del desarrollo de los estudiantes, conocieron sus potencialidades y capacidades lo cual beneficio su desarrollo personal y social. En el proceso de crecimiento y cambio los estudiantes lograron adquirir un pensamiento nuevo, lo que significo ser una persona más pensante y consciente de sus responsabilidades personales y escolares. El equipo investigador recomendó al centro educativo incluir en su proyecto de centro un programa para el desarrollo del área personal-social de los estudiantes de primero, donde al inicio de cada año escolar sea implementada una intervención como respuesta a las necesidades educativas del grado.